000 00675nam a2200217Ia 4500
005 20250522104229.0
008 008 250516s9999 xx 000 0 eng d
020 _a9781496220424
040 _aSDCL
_beng
_cSDCL
041 _aeng
_2eng
084 _aY15.1'P, R2
_qSDCL
100 _aDodds, Lara Ed.
_9752246
245 0 _aFeminist formalism and early modern women's writing :
_bReadings, conversations, pedagogies
260 _aLincoln:
_bUniversity of Nebraska Press,
_c2022.
300 _axi,288p.
365 _aUSD
_b60
490 _aWomen and gender in tha early modern world
650 _aEnglish
700 _aM.Dowd, Michelle Ed.
_9809622
942 _cTEXL
999 _c1429625
_d1429625